000 01297nam a2200265 a 4500
001 BRCA_5321
005 20190320205030.0
008 031210m17091710mx-######v---#000-0#spa-#
041 _aspa
044 _amx
084 _aDOC148c
_b.A93
_c1709
100 1 _aAyala Altamirano, Nicólas de.
_cObispo
_913647
245 1 0 _aDocumento expedido el 1 de mayo de 1709
_cNicólas de Ayala Altamirano, Duque de Alburqueque.
260 _aMéxico
_c1709-1710
300 _a[2] fojas
_c30 x 21 cm
500 _aDenuncia de la mina denominada Nuestra Señora de Loreto ante el excelentísimo Duque de Alburqueque para concederle facultades al Licenciado Don Nicólas de Ayala Altamirando Obispo de Menores Ordenes de este arzobispado y abogado de esta Real Audiencia para benificiar la mina conforme a lo dispuesto
500 _aPapel con marca de agua
500 _aEstado de conservación: contiene acidez y los márgenes maltratados
546 _aTexto en: español de principios del siglo XVIII
600 1 4 _aAyala Altamirano, Nicólas de.
_cObispo
_913647
650 1 4 _aDocumentos legales
_eMinas
_vManuscrito
_xHistoria
_yColonia, 1521.1821
_zMéxico
_913648
700 1 _aFernández de la Cueva y de la Cueva, Francisco
_bV
_cDuque de Alburqueque
_d1666-1724
_913649
902 _aFDH
942 _2lcc
_cD
999 _c5015
_d5015